000 00555nam a2200193Ia 4500
001 11846
003 GE_BSU
008 181216s||||||||xx |||||||||||||| ||und||
040 _cGE_BSU
080 _a549(479.22)
245 _aМинеральные ресурсы ССР Грузии
245 _cРед.кол. А.И.Джанелидзе
260 _aТифлис
260 _bТехника да шрома
260 _c1933
300 _a1138стр.26см.
653 _aМинеральные ресурсы ССР Гррузии
942 _cBK
999 _c45025
_d45025